| 000 | 00000cam 2200000za 4500 |
| 001 | 9.856666 |
| 003 | CaOODSP |
| 005 | 20221107155602 |
| 007 | cr ||||||||||| |
| 008 | 180516s1996 oncdb #o f00| 0 fre d |
| 040 | |aCaOODSP|bfre |
| 041 | |afre|biku |
| 043 | |an-cn-qu|an-cn-on |
| 086 | 1 |aCW69-1/90F-PDF |
| 245 | 00|aUtilisation des habitats côtiers du nord-est de la baie James par les canards |h[ressource électronique] / |cAustin Reed ... [et al.]. |
| 260 | |aOttawa : |bService canadien de la faune, |cc1996. |
| 300 | |a49 p. : |bgraph, cartes. |
| 490 | 1 |aPublication hors-série ; |vn° 90 |
| 500 | |aÉdition numérisée de l’imprimé [par Environnement et Changement climatique Canada]. |
| 500 | |aPublié aussi en anglais sous le titre : Duck use of the coastal habitats of northeastern James Bay. |
| 504 | |aComprend des références bibliographiques. |
| 520 | 3 |a« Des inventaires aériens et terrestres ont été réalisés le long de la côte nord-est de la baie James entre 1990 et 1992, de la rivière au Castor jusqu'à la pointe Louis-XIV. Les canards étaient abondants au cours du printemps, de l'été et, de l'automne. En tout, 21 espèces de canards ont été répertoriées »--Résumé. |
| 530 | |aÉgalement publié en version imprimée. |
| 546 | |aComprend un résumé en inuktitut. |
| 692 | 07|2gccst|aOiseau aquatique |
| 692 | 07|2gccst|aHabitat |
| 693 | 4|aCanards |
| 700 | 1 |aReed, Austin. |
| 710 | 1 |aCanada. |bEnvironnement Canada. |
| 710 | 2 |aService canadien de la faune. |
| 775 | 08|tDuck use of the coastal habitats of northeastern James Bay |w(CaOODSP)9.856127 |
| 776 | 0#|tUtilisation des habitats côtiers du nord-est de la baie James par les canards / |w(CaOODSP)9.623591 |
| 830 | #0|aPublication hors-série (Service canadien de la faune)|vn° 90|w(CaOODSP)9.501188 |
| 856 | 40|qPDF|s3.28 Mo|uhttps://publications.gc.ca/collections/collection_2018/eccc/CW69-1-90-fra.pdf |